| 000 | nam a22 7a 4500 | ||
|---|---|---|---|
| 999 |
_c17960 _d17960 |
||
| 008 | 161130b xxu||||| |||| 00| 0 eng d | ||
| 050 | _aLC 5131 .L67 1966 | ||
| 100 | _aLoretan, Joseph O. | ||
| 245 |
_aTeaching the disadvantaged : _bnew curriculum approaches/ _cJoseph O. Loretan and Shelley Umans. |
||
| 260 |
_aColumbia University : _bTeachers College Press, _c1966. |
||
| 300 | _axii, 242p. : | ||
| 500 | _aIncludes index. | ||
| 650 |
_aChildren with social disabilities _xeducation. |
||
| 650 |
_aEducation , urban _xcurricula. |
||
| 650 | _aTeachers of children with social disabilities. | ||
| 700 | _aUmans, Shelley | ||
| 942 |
_2lcc _cBOOKS _hLC 5131 .L67 1966 |
||